000 00365 a2200157 4500
001 150578
040 _cEscola São Tomás de Aquino
100 _aLIMA, Edy
240 1 0 _aO caneco dourado
_lpor
245 1 0 _aO caneco dourado
300 _a39
362 0 _a2006
440 1 _aCompanhia Editora Nacional
697 _aEducação Física / Esporte
942 _cBK
999 _c150578
_d150578